Efectos de la urbanización en el clima del valle de México /
Gorde:
| Egile nagusia: | |
|---|---|
| Formatua: | Texto |
| Etiketak: |
Etiketa erantsi
Etiketarik gabe, Izan zaitez lehena erregistro honi etiketa jartzen!
|
MARC
| LEADER | 00000 a a2200000 04500 | ||
|---|---|---|---|
| 001 | 45768 | ||
| 003 | |||
| 040 | |||
| 100 | |a Jáuregui, Ernesto | ||
| 245 | |a Efectos de la urbanización en el clima del valle de México / |c Ernesto Jáuregui | ||
| 773 | |g número41 (1988), páginas 6-7 | ||
| 999 | |c 29163 |d 29163 | ||
